<?xml version="1.0" encoding="UTF-8"?>
<record
    xmlns:xsi="http://www.w3.org/2001/XMLSchema-instance"
    xsi:schemaLocation="http://www.loc.gov/MARC21/slim http://www.loc.gov/standards/marcxml/schema/MARC21slim.xsd"
    xmlns="http://www.loc.gov/MARC21/slim">

  <leader>01651nam a2200289 a 4500</leader>
  <controlfield tag="001">000045049</controlfield>
  <controlfield tag="005">20201002045832.0</controlfield>
  <controlfield tag="008">150130s2009    dr abc        000 0 spa d</controlfield>
  <datafield tag="020" ind1=" " ind2=" ">
    <subfield code="z">9789945461664(v. 2)</subfield>
  </datafield>
  <datafield tag="020" ind1=" " ind2=" ">
    <subfield code="a">9809945461672 (v. 3)</subfield>
  </datafield>
  <datafield tag="020" ind1=" " ind2=" ">
    <subfield code="a">9789945461680(v.4)</subfield>
  </datafield>
  <datafield tag="040" ind1=" " ind2=" ">
    <subfield code="a">DO-SdBNP</subfield>
    <subfield code="b">spa</subfield>
    <subfield code="c">BNPHU</subfield>
  </datafield>
  <datafield tag="082" ind1=" " ind2=" ">
    <subfield code="a">xxxx</subfield>
    <subfield code="b">xxxx</subfield>
  </datafield>
  <datafield tag="100" ind1="1" ind2=" ">
    <subfield code="a">Severino, Banahi</subfield>
    <subfield code="9">44156</subfield>
  </datafield>
  <datafield tag="245" ind1="1" ind2="0">
    <subfield code="a">Ciencias sociales /</subfield>
    <subfield code="c">Banahi Severino, Alejandro Hern&#xE1;ndez Grull&#xF3;n, Juan Ricardo Hern&#xE1;ndez Polanco ;ilustraciones y fotograf&#xED;as Ram&#xF3;n Sandoval, Deyanira F&#xE9;liz Moreno.</subfield>
  </datafield>
  <datafield tag="250" ind1=" " ind2=" ">
    <subfield code="a">3a ed.</subfield>
  </datafield>
  <datafield tag="260" ind1=" " ind2=" ">
    <subfield code="a">Santo Domingo :</subfield>
    <subfield code="b">Actualidad Escolar 2000,</subfield>
    <subfield code="c">2009-.</subfield>
  </datafield>
  <datafield tag="300" ind1=" " ind2=" ">
    <subfield code="a">v. :</subfield>
    <subfield code="b">il., map. retrs. ;</subfield>
    <subfield code="c">28 cm.</subfield>
  </datafield>
  <datafield tag="500" ind1=" " ind2=" ">
    <subfield code="a">La biblioteca posee los grados 2-4</subfield>
  </datafield>
  <datafield tag="500" ind1=" " ind2=" ">
    <subfield code="a">Este libro ha sido realizado de acuerdo al curriculum vigente y aprobado como libro de texto por la SEE, bajo el no. 6096 de fecha 4 de julio 2006, revisado y actualizado al 2009</subfield>
  </datafield>
  <datafield tag="500" ind1=" " ind2=" ">
    <subfield code="a">La catalogaci&#xF3;n fue tomada del v. 2</subfield>
  </datafield>
  <datafield tag="505" ind1="1" ind2=" ">
    <subfield code="a">v. 2 :</subfield>
    <subfield code="t">Unidad 1</subfield>
    <subfield code="t">Yo vivo en mi comunidad --</subfield>
    <subfield code="t">Unidad 2 --</subfield>
    <subfield code="t">&#xBF;C&#xF3;mo se organiza mi comunidad? --</subfield>
    <subfield code="t">Unidad 3 --</subfield>
    <subfield code="t">Rep&#xFA;blica Dominicana es mi pa&#xED;s --</subfield>
    <subfield code="g">v. 3 :</subfield>
    <subfield code="t">Familia y comunidad --</subfield>
    <subfield code="t">Cultura y comunidad en los municipios dominicanos --</subfield>
    <subfield code="t">Rep&#xFA;blica Dominicana, primeros pobladores --</subfield>
    <subfield code="g">v. 4 :</subfield>
    <subfield code="t">Provincias y regiones dominicanas --</subfield>
    <subfield code="t">Relieve, hidrograf&#xED;a y clima de las regiones de la Rep&#xFA;blica Dominicana --</subfield>
    <subfield code="t">Primeros pobladores y llegada de los espa&#xF1;oles --</subfield>
  </datafield>
  <datafield tag="700" ind1="1" ind2="2">
    <subfield code="a">Hern&#xE1;ndez Polanco, Juan Ricardo</subfield>
    <subfield code="9">44155</subfield>
  </datafield>
  <datafield tag="700" ind1="1" ind2="2">
    <subfield code="e">il.</subfield>
  </datafield>
  <datafield tag="700" ind1="1" ind2="2">
    <subfield code="a">F&#xE9;liz Moreno, Deyanira,</subfield>
    <subfield code="e">il.</subfield>
    <subfield code="9">73056</subfield>
  </datafield>
  <datafield tag="700" ind1="1" ind2="2">
    <subfield code="a">Hern&#xE1;ndez Grull&#xF3;n, Alejandro</subfield>
    <subfield code="9">44157</subfield>
  </datafield>
  <datafield tag="952" ind1=" " ind2=" ">
    <subfield code="0">0</subfield>
    <subfield code="1">0</subfield>
    <subfield code="7">1</subfield>
    <subfield code="8">PD</subfield>
    <subfield code="a">PD</subfield>
    <subfield code="b">PD</subfield>
    <subfield code="c">HD</subfield>
    <subfield code="d">2015-01-30</subfield>
    <subfield code="i">LF1</subfield>
    <subfield code="l">0</subfield>
    <subfield code="o">xxxx xxxx</subfield>
    <subfield code="p">45049-10</subfield>
    <subfield code="r">2020-06-25</subfield>
    <subfield code="w">2020-06-25</subfield>
    <subfield code="y">LFPD</subfield>
    <subfield code="Z">No se presta</subfield>
  </datafield>
  <datafield tag="999" ind1=" " ind2=" ">
    <subfield code="c">44538</subfield>
    <subfield code="d">44538</subfield>
  </datafield>
</record>
